地理&方向感覚ゲーム - Statistics

General Stats
  • This quiz has been taken 161 times
  • The average score is 6 of 15
Answer Stats
から見た の方向は 答え % Correct
福井市役所 白山山頂
90%
鳥取砂丘 姫路城 南南東
82%
東京都庁 島根県庁 西
62%
富士山 航空自衛隊入間基地 北東
59%
那覇市役所 石垣市役所 西南西
56%
二見港(東京) 松下村塾 北西
43%
埼玉スタジアム2002 猿島
43%
潮岬 御蔵島
39%
足助・香嵐渓 県営名古屋空港 西北西
36%
塔のへつり 玄武洞 西南西
28%
立石寺(山寺) 月山湖 西北西
26%
奈義町現代美術館 九十九湾(小木) 北東
23%
相倉集落(南砺) 菅沼集落(南砺) 西南西
17%
然別湖 エコミュージアムおさしまセンター 北北西
15%
草木ダム 柵口温泉 北西
14%
No matching quizzes found
Score Distribution
Percent of People with Each Score
Percentile by Number Answered
Your Score History
You have not taken this quiz